| 000 | 02766nam a22002897a 4500 | ||
|---|---|---|---|
| 001 | 8897 | ||
| 003 | FISKH | ||
| 005 | 20251030104920.0 | ||
| 008 | 251030b cb ||||| |||| 00| 0 eng d | ||
| 020 | _a0452 | ||
| 040 |
_aFISKH _bkhr _cFISKH _dFISKH |
||
| 050 | _aPZ7 | ||
| 082 | _a398.2 | ||
| 100 | _aAnonymous | ||
| 245 |
_aអាលីបាបា និង ក្រុមចោរ / _cBy Anonymous |
||
| 260 | _aPhnom Penh : | ||
| 300 |
_a16 pages : _bcolor illustrations ; _c21 cm . |
||
| 505 | _aK | ||
| 520 | _aអាលីបាបាជាអ្នកក្រនិងកាសុីមជាអ្នកមាន ជាបងប្អូនបង្កើតនឹងគ្នា ។ ថ្ងៃមួយមានអាលីបាបាបានឃើញចោរមួយក្រុមទៅយកមាសពីរូងភ្នំ ។ អាលីបាបាក៏បានធ្វើតាមមេចោរ គាត់ប្រមូលបានមាសមួយបាវ ។ កាសុីមជាមនុស្សលោភដូចនេះគេក៏ធ្វើតាមអាលីបាបា ។ តែអកុសលកាសុីមត្រូវបានចោរសម្លាប់អោយស្លាប់ក្នុងរូងភ្នំ ។ អាលីបាបាក៏លួចយកសពកាសុីមមកធ្វើបុណ្យនៅផ្ទះ ។ ក្រុមចោរខឹងយ៉ាងខ្លាំងក៏មានបំណងមកសម្លាប់អាលីបាបាដល់ផ្ទះ តែដោយចាញ់កលអ្នកបម្រើរបស់អាលីបាបា ចោរទាំងនោះត្រូវស្លាប់ក្រោមកណ្តាប់ដៃអ្នកបម្រើនោះ ។ | ||
| 520 | _aAli Baba was a poor man, and Kasim, his brother, was a rich man. One day, Ali Baba saw a group of thieves taking gold from a cave. Ali Baba followed what the leader of the thieves did and managed to collect a bag full of gold. Kasim, being a greedy man, decided to do the same as Ali Baba. Unfortunately, Kasim was caught by the thieves and killed inside the cave. Ali Baba secretly brought Kasim’s body home to hold a funeral. The thieves, enraged, planned to come to Ali Baba’s house to kill him. However, because of the cleverness of Ali Baba’s servant, the thieves were defeated and killed by her. | ||
| 521 | 8 |
_a510
_bLexile estimate |
|
| 521 | 8 |
_aK
_bRaz-Plus |
|
| 650 |
_aអលីបាបានិងក្រុមចោរ _vរឿងនិទានកុមារ |
||
| 650 |
_aAlibaba and a group of thieves _vChildren's Stories |
||
| 942 |
_2ddc _cKHB _n0 |
||
| 999 |
_c8897 _d8897 |
||